География Армении - Statistics

General Stats
  • This quiz has been taken 361 times
    62 since last reset
  • The average score is 9 of 18
Answer Stats
Подсказка Ответ % Correct
Столица Ереван
100%
Граничащие страны Азербайджан
91%
Граничащие страны Грузия
89%
Граничащие страны Турция
87%
Граничащие страны Иран
85%
Страна с самой крупной диаспорой армян Россия
73%
Крупнейшее озеро Армении Севан
64%
Хребет, на котором расположена Армения Малый Кавказ
55%
Второй по населённости город Гюмри
55%
Название столицы до 1936 Эривань
36%
Река на границе с Турцией Аракс
36%
Название главного аэропорта столицы Звартноц
29%
Другая древняя столица, основана царём Вагаршем I Вагаршапат
25%
Первая столица Древней Армении Армавир
24%
Альтернативное название этого города, а также монастырский комплекс, расположенный в нем Эчмиадзин
22%
Курортный город с "водой — второе место в мире" (согласно Рубику из "Мимино") Дилижан
18%
Самый крупный собор Еревана Собор Святого Григория Просветителя
11%
Монастырский комплекс, в котором хранилось армянское копье Лонгина Гегард
11%
No matching quizzes found
Score Distribution
Percent of People with Each Score
Percentile by Number Answered
Your Score History
You have not taken this quiz since the last reset